| 000 | 00994cam a22002895a 4500 | ||
|---|---|---|---|
| 001 | 18338010 | ||
| 005 | 20201128023919.0 | ||
| 008 | 141017t2015 flua frb 001 0 eng d | ||
| 020 | _a9781482234510 | ||
| 040 |
_aDLC _beng _cDLC _dDLC _dEG-ScBUE _dEG-ScBUE |
||
| 082 | 0 | 4 |
_a658.0557 _222 _bPRI |
| 100 | 1 |
_aPries, Kim H., _d1955- |
|
| 245 | 1 | 0 |
_aBig data analytics : _ba practical guide for managers / _cKim H. Pries, Robert Dunnigan. |
| 260 |
_aBoca Raton : _bCRC Press / Taylor & Francis Group, _cc.2015. |
||
| 300 |
_axix, 556 p. : _bill. ; _c24 cm. |
||
| 500 | _aIndex : p. 541-556. | ||
| 504 | _aIncludes bibliographical references. | ||
| 650 | 7 |
_aManagement _xStatistical methods. _2BUEsh _9436 |
|
| 650 | 7 |
_aManagement _xData processing. _2BUEsh _94282 |
|
| 650 | 7 |
_aBig data. _2BUEsh _936502 |
|
| 650 | 7 |
_aData mining. _2BUEsh _927695 |
|
| 650 | 7 |
_aDatabase management. _2BUEsh _911309 |
|
| 651 | _2BUEsh | ||
| 653 |
_bCOMSCI _cOctober2016 |
||
| 700 | 1 | _aDunnigan, Robert. | |
| 942 | _2ddc | ||
| 999 |
_c22721 _d22693 |
||